Gramática del arte / (Registro nro. 270)
[ vista simple ]
| 000 -LEADER | |
|---|---|
| fixed length control field | 01299nam a2200253Ia 4500 |
| 003 - CONTROL NUMBER IDENTIFIER | |
| control field | PE SENCICO BE |
| 005 - DATE AND TIME OF LATEST TRANSACTION | |
| control field | 20251020182432.0 |
| 008 - FIXED-LENGTH DATA ELEMENTS--GENERAL INFORMATION | |
| fixed length control field | 200515s9999 xx 000 0 und d |
| 020 ## - INTERNATIONAL STANDARD BOOK NUMBER | |
| International Standard Book Number | 84-87553-50-8 |
| 040 ## - CATALOGING SOURCE | |
| Original cataloging agency | PE SENCICO BE |
| Transcribing agency | PE SENCICO BE |
| 041 ## - LANGUAGE CODE | |
| Language code of text/sound track or separate title | spa |
| 082 ## - DEWEY DECIMAL CLASSIFICATION NUMBER | |
| Edition information | 701 |
| Item number | B35 |
| 100 1# - MAIN ENTRY--PERSONAL NAME | |
| Personal name | Beljon J. J. |
| 9 (RLIN) | 2613 |
| Relator term | autor |
| 245 10 - TITLE STATEMENT | |
| Title | Gramática del arte / |
| Statement of responsibility, etc. | J. J. Beljon |
| 260 ## - PUBLICATION, DISTRIBUTION, ETC. | |
| Place of publication, distribution, etc. | Madrid : |
| Name of publisher, distributor, etc. | Celeste ediciones ; |
| Date of publication, distribution, etc. | 1993 |
| 300 ## - PHYSICAL DESCRIPTION | |
| Extent | 240 p. : |
| Other physical details | il., graf. ; |
| Dimensions | 27 cm. |
| 520 3# - SUMMARY, ETC. | |
| Summary, etc. | Pone al descubierto las fuentes del diseño que habían estado totalmente abandonados. Por un lado, los actos diarios mas simples, como atarse los cordones de los zapatos o cortar el cesped y por otra emociones como la alegria, la pena y una gama de sentimientos sutiles y menos sutiles en medio de los dos. El autor acentúa la importancia del cuerpo en la relación de la forma, nuestra manera de andar, de bailar. Los sentidos entran en escena, el sentido del orden, de la dirección, del ritmo e incluso sacarle provecho a los materiales que ocasionalmente se encuentran a nuestro alrededor. |
| 650 10 - SUBJECT ADDED ENTRY--TOPICAL TERM | |
| Topical term or geographic name entry element | Arte |
| 9 (RLIN) | 83 |
| 650 20 - SUBJECT ADDED ENTRY--TOPICAL TERM | |
| Topical term or geographic name entry element | Historia del arte |
| 9 (RLIN) | 686 |
| 650 20 - SUBJECT ADDED ENTRY--TOPICAL TERM | |
| Topical term or geographic name entry element | Naturaleza en el arte |
| 9 (RLIN) | 1455 |
| 650 20 - SUBJECT ADDED ENTRY--TOPICAL TERM | |
| Topical term or geographic name entry element | Psicología del arte |
| 9 (RLIN) | 88 |
| 650 20 - SUBJECT ADDED ENTRY--TOPICAL TERM | |
| Topical term or geographic name entry element | Arte y diseño |
| 9 (RLIN) | 966 |
| 942 ## - ADDED ENTRY ELEMENTS (KOHA) | |
| Koha item type | Libros |
| Source of classification or shelving scheme | Dewey Decimal Classification |
| Fecha de la última vez que lo usaron | Número de ingreso o de inventario | Pago total | Signatura topográfica completa | Código de barras | Precio efectivo desde | Tipo de documento | Estado perdido | Sistema de clasificación | Estado dañado | No es para préstamo | Retirado | Ubicación permanente | Ubicación actual | Fecha de adquisición |
|---|---|---|---|---|---|---|---|---|---|---|---|---|---|---|
| 15/05/2020 | 12589 | 701/B35 | BibLima24100025 | 15/05/2020 | Libros | Dewey Decimal Classification | Biblioteca Central Lima | Biblioteca Central Lima | 15/05/2020 |